[Event "Dortmund"]
[Site "?"]
[Date "2000.??.??"]
[Round "?"]
[White "Bareev, E."]
[Black "Akopian, V."]
[Result "0-1"]
[WhiteElo "2700"]
[BlackElo "2660"]
[PlyCount "140"]
[EventDate "2000.??.??"]
[Source "Chess Informant"]
[SourceDate "2000.06.01"]

1. d4 Nf6 2. c4 e6 3. Nc3 Bb4 4. e3 c5 5. Bd3 d5 6. cxd5 exd5 7. Nge2 Nc6 8. a3 cxd4 9. axb4 dxc3 10. b5 Ne5 11. Nxc3 Bg4 12. f3 Nxd3+ 13. Qxd3 Be6 14. Qd4 a6 15. bxa6 bxa6 16. Bd2 O-O 17. Ne2 Re8 18. Bc3 Bd7 19. Nf4 Bb5 20. Kf2 Rc8 21. b3 Re4 22. fxe4 Nxe4+ 23. Kg1 Nxc3 24. h4 Ne4 25. Rd1 Qe8 26. Nxd5 h5 27. Nf4 Ng3 28. Rh3 Ne2+ 29. Nxe2 Bxe2 30. Rd2 Bg4 31. Rh1 Qe6 32. Kh2 Qxb3 33. Rb2 Qe6 34. Rhb1 Kh7 35. Rb6 Qe7 36. Kg3 Bf5 37. Rf1 Bg6 38. Rxa6 Rd8 39. Ra7 Qe8 40. Qf4 Rd5 41. e4 Rd4 42. Re1 Qc6 43. Rc7 Qb6 44. Kh2 Rb4 45. Re7 Qd8 46. Ra7 Rb2 47. Ra3 Qd4 48. Rf3 Qb4 49. Ree3 Qd2 50. Qg3 Rb1 51. Rf2 Qc1 52. Qf4 Qg1+ 53. Kg3 Qc1 54. Rfe2 Qc5 55. Rd2 Qc1 56. Ree2 Rb3+ 57. Kh2 Rb1 58. Qe3 Rb4 59. Rd5 Qc7+ 60. Qg3 Qc4 61. Qf3 Qc7+ 62. g3 Qc1 63. Red2 Rb8 64. Rf2 Qc4 65. Qe2 Qc7 66. Qe3 Rb1 67. Qc5 Bxe4 68. Rxh5+ Kg8 69. Rg2 Qd7 70. Qf2 Qd1 0-1

[Event "PCA/Intel-GP"]
[Site "London"]
[Date "1995.??.??"]
[Round "2"]
[White "Sokolov, Ivan"]
[Black "Anand, Viswanathan"]
[Result "0-1"]
[WhiteElo "2630"]
[BlackElo "2725"]
[PlyCount "56"]
[EventDate "1995.08.??"]
[Source "ChessBase"]

1. d4 Nf6 2. c4 e6 3. Nc3 Bb4 4. e3 c5 5. Bd3 Nc6 6. Nge2 cxd4 7. exd4 d5 8. cxd5 Nxd5 9. Bc2 Bd6 10. a3 Nxc3 11. bxc3 e5 12. Qd3 g6 13. Qf3 O-O 14. Bh6 Re8 15. Bb3 Qe7 16. Bg5 Qc7 17. h4 exd4 18. Bh6 Bf5 19. O-O Ne5 20. Qg3 Nd3 21. Qf3 Ne5 22. Qg3 d3 23. Nf4 Ng4 24. Bg5 h6 25. Qf3 hxg5 26. Nd5 Bh2+ 27. Kh1 Qd6 28. Rae1 gxh4 0-1

[Event "Moscow TV"]
[Site "Moscow"]
[Date "1987.??.??"]
[Round "?"]
[White "Kasparov, Garry"]
[Black "Tal, Mihail"]
[Result "1/2-1/2"]
[WhiteElo "2735"]
[BlackElo "2605"]
[PlyCount "139"]
[EventDate "1987.??.??"]
[Source "ChessBase"]

1. d4 Nf6 2. c4 e6 3. Nc3 Bb4 4. e3 c5 5. Bd3 d5 6. cxd5 Nxd5 7. Nge2 cxd4 8. exd4 Nc6 9. O-O Nf6 10. Bc2 Bd6 11. a3 O-O 12. Qd3 h6 13. Rd1 Bd7 14. Bf4 Bxf4 15. Nxf4 Re8 16. Re1 Ne7 17. Ne4 Nxe4 18. Qxe4 Nf5 19. Rad1 Rc8 20. Bb1 Ba4 21. Rd2 Qa5 22. b4 Qc7 23. Rde2 Bb5 24. Rc2 Qd7 25. Rxc8 Qxc8 26. g4 Qd8 27. Rd1 Qg5 28. Ng2 Nd6 29. Qh7+ Kf8 30. h3 Bc6 31. Ne3 Ke7 32. Qc2 Rc8 33. Re1 Bf3 34. Qd3 Kf8 35. d5 Bxd5 36. Nxd5 Qxd5 37. Qxd5 exd5 38. Rd1 Ke7 39. Kg2 Rc3 40. Rxd5 Rxa3 41. Rd4 Rb3 42. Ba2 Rb2 43. Bd5 Kf6 44. Bf3 Ke5 45. Rd5+ Ke6 46. Rd4 b6 47. Kg3 a5 48. bxa5 bxa5 49. Ra4 Rb5 50. h4 g5 51. hxg5 hxg5 52. Be2 Rc5 53. f4 f6 54. Kf3 Rc3+ 55. Kf2 gxf4 56. Rxf4 Ke5 57. Ra4 Ne4+ 58. Kg2 Rc5 59. Kf3 Nc3 60. Ra3 Kd4 61. Bf1 Re5 62. Kg3 Re3+ 63. Kh4 Re5 64. Bg2 Kc4 65. Ra1 a4 66. Rf1 Re6 67. Rf4+ Kb3 68. Bf1 Kc2 69. Bc4 Re1 70. Rxf6 1/2-1/2

[Event "Credit se, Biel"]
[Site "?"]
[Date "1997.??.??"]
[Round "1"]
[White "Milov Vadim"]
[Black "Gelfand Boris"]
[Result "0-1"]
[WhiteElo "2610"]
[BlackElo "2700"]
[PlyCount "100"]
[EventDate "1997.??.??"]
[Source "www.chesslib.no"]
[SourceDate "2004.05.04"]

1. d4 Nf6 2. c4 e6 3. Nc3 Bb4 4. e3 c5 5. Bd3 Nc6 6. Nge2 cxd4 7. exd4 d5 8. cxd5 Nxd5 9. a3 Bd6 10. Ne4 Be7 11. Bc2 O-O 12. Qd3 Qc7 13. O-O Rd8 14. Ng5 g6 15. Bb3 Bf8 16. Rd1 Bg7 17. Nf3 b6 18. Bg5 f6 19. Bh4 Nce7 20. Bg3 Qd7 21. Re1 Bb7 22. Nc3 Nf5 23. Re2 Re8 24. Ne4 Bc6 25. Bc4 a6 26. Rc1 Bb5 27. Rec2 Bxc4 28. Rxc4 Rec8 29. h3 Rxc4 30. Qxc4 Qb5 31. Qc6 Qxc6 32. Rxc6 Kf7 33. Bh2 Ke7 34. g4 Kd7 35. Rc2 Nfe7 36. Nd6 g5 37. h4 gxh4 38. Nxh4 Nc6 39. Nf3 Rg8 40. Kf1 Bf8 41. a4 h6 42. Bg1 h5 43. Nc4 Bd6 44. Rc3 Kd8 45. Rc1 e5 46. Kg2 Rf8 47. a5 bxa5 48. b3 Na7 49. Rc2 Bc7 50. Nb2 Kc8 0-1

[Event "Essen"]
[Site "?"]
[Date "2000.??.??"]
[Round "?"]
[White "Milov, V."]
[Black "Beliavsky, A."]
[Result "0-1"]
[WhiteElo "2650"]
[BlackElo "2640"]
[PlyCount "62"]
[EventDate "2000.??.??"]
[Source "Chess Informant"]
[SourceDate "2000.02.01"]

1. d4 Nf6 2. c4 e6 3. Nc3 Bb4 4. e3 c5 5. Bd3 d5 6. cxd5 Nxd5 7. Nge2 cxd4 8. exd4 O-O 9. Bc2 b6 10. Qd3 g6 11. h4 Ba6 12. Qh3 Bxe2 13. Kxe2 h5 14. Kf1 Nc6 15. Bg5 Qc8 16. Qd3 Be7 17. Bb3 Rd8 18. Nxd5 exd5 19. Rc1 Bxg5 20. hxg5 Ne5 21. Qd2 Nc4 22. Qf4 Qd7 23. Rh3 b5 24. Bd1 Re8 25. Bf3 Rac8 26. Kg1 Nxb2 27. Rxc8 Rxc8 28. g4 Nd3 29. Qg3 Rc1+ 30. Kh2 Rc2 31. gxh5 Nxf2 0-1

[Event "Linares"]
[Site "?"]
[Date "1988.??.??"]
[Round "?"]
[White "Timman, J."]
[Black "Georgiev, Kir"]
[Result "1-0"]
[WhiteElo "2675"]
[BlackElo "2595"]
[PlyCount "76"]
[EventDate "1988.??.??"]
[Source "ChessBase"]
[SourceDate "1988.01.01"]

1. d4 Nf6 2. c4 e6 3. Nc3 Bb4 4. e3 c5 5. Bd3 Nc6 6. Nge2 cxd4 7. exd4 d5 8. cxd5 Qxd5 9. O-O Qd8 10. Bc2 Be7 11. a3 a6 12. Qd3 b5 13. Rd1 Bb7 14. Qg3 Bd6 15. Qh3 Ne7 16. Bg5 Qd7 17. Bxf6 gxf6 18. Be4 f5 19. Bxb7 Qxb7 20. d5 O-O-O 21. dxe6 fxe6 22. Nd4 Qd7 23. Rac1 Kb8 24. Qe3 Rhg8 25. Nxe6 Qb7 26. g3 Rd7 27. Rc2 f4 28. Qe4 Nc8 29. Nxf4 Rf7 30. Qxb7+ Kxb7 31. Nfd5 h5 32. Ne4 Be5 33. f4 Bb8 34. Ndf6 Rh8 35. Rd7+ Rxd7 36. Nxd7 Nd6 37. Ndc5+ Kb6 38. Nxd6 Bxd6 1-0

[Event "SUI chT Basel-Zuerich"]
[Site "Svizzera"]
[Date "2007.03.24"]
[Round "1.1"]
[White "Milov, Vadim"]
[Black "Kortschnoj, Viktor"]
[Result "1/2-1/2"]
[WhiteElo "2659"]
[BlackElo "2606"]
[PlyCount "89"]
[EventDate "2007.02.25"]
[Source "www.chesslib.no"]
[SourceDate "2004.05.04"]

1. d4 Nf6 2. c4 e6 3. Nc3 Bb4 4. e3 c5 5. Bd3 b6 6. Nge2 Bb7 7. a3 Bxc3+ 8. Nxc3 d5 9. cxd5 exd5 10. O-O O-O 11. b4 cxd4 12. exd4 Ne4 13. Bxe4 dxe4 14. d5 Qf6 15. Bb2 Nd7 16. Qg4 Rad8 17. Qxe4 Qg5 18. f4 Qh5 19. Qd4 f6 20. Rae1 Rfe8 21. Qd2 Nf8 22. Rxe8 Rxe8 23. Rf3 Ng6 24. h3 Qf5 25. g4 Qd7 26. Rd3 f5 27. g5 Qd6 28. Rd4 h6 29. Qf2 hxg5 30. fxg5 Re5 31. h4 Qe7 32. Kf1 f4 33. h5 Qxg5 34. hxg6 Qh5 35. Re4 Rxe4 36. Nxe4 Qh1+ 37. Ke2 Qxe4+ 38. Kd2 Qxg6 39. Qxf4 Qg2+ 40. Kc1 Bxd5 41. Bd4 Be4 42. Qf2 Qg5+ 43. Qd2 Qh4 44. Qf2 Qd8 45. Kd2 1/2-1/2

[Event "URS-ch41"]
[Site "Moscow"]
[Date "1973.10.15"]
[Round "10"]
[White "Petrosian, Tigran V"]
[Black "Smyslov, Vassily"]
[Result "1/2-1/2"]
[WhiteElo "2640"]
[BlackElo "2610"]
[PlyCount "62"]
[EventDate "1973.10.02"]
[Source "ChessBase"]

1. d4 Nf6 2. c4 e6 3. Nc3 Bb4 4. e3 c5 5. Bd3 b6 6. Nge2 Nc6 7. O-O cxd4 8. exd4 Bb7 9. d5 Ne5 10. Bf4 Nxd3 11. Qxd3 exd5 12. cxd5 O-O 13. a3 Bxc3 14. Nxc3 Re8 15. Bd6 Ng4 16. Qg3 Nh6 17. Rfe1 Nf5 18. Qf4 Qf6 19. Be5 Qg6 20. Qa4 a6 21. Bf4 b5 22. Qb4 Rec8 23. Qe4 h5 24. Qd3 Rc4 25. Re4 Nh4 26. Bg3 Rxe4 27. Nxe4 Nxg2 28. Kxg2 h4 29. Rd1 hxg3 30. hxg3 Rc8 31. f3 f5 1/2-1/2

[Event "National I"]
[Site "Montpellier"]
[Date "2003.01.31"]
[Round "1"]
[White "Illescas Cordoba, Miguel"]
[Black "Tkachiev, Vladislav"]
[Result "1/2-1/2"]
[WhiteElo "2595"]
[BlackElo "2642"]
[PlyCount "106"]
[EventDate "2003.01.31"]
[Source "Roberto Alvarez"]
[SourceDate "2003.02.17"]

1. d4 Nf6 2. c4 e6 3. Nc3 Bb4 4. e3 c5 5. Bd3 Nc6 6. Nge2 cxd4 7. exd4 d5 8. cxd5 Nxd5 9. O-O Bd6 10. Ne4 Be7 11. a3 b6 12. N2c3 O-O 13. Nxd5 exd5 14. Nc3 Be6 15. Be3 a6 16. Qe2 Bf6 17. Rfd1 b5 18. Qc2 g6 19. Nxb5 Qd7 20. Rac1 Rfc8 21. Nc3 Nxd4 22. Bxd4 Bxd4 23. Bxa6 Bxf2+ 24. Qxf2 Rxa6 25. Nxd5 Bxd5 26. Rxc8+ Qxc8 27. Rxd5 Qc1+ 28. Qf1 Qe3+ 29. Qf2 Qc1+ 30. Qf1 Qe3+ 31. Kh1 Rf6 32. Qa1 Qb3 33. Rd2 Qc4 34. Rd1 Qb3 35. h3 Rf2 36. a4 Qxb2 37. Qxb2 Rxb2 38. Ra1 Kf8 39. a5 Rb7 40. g4 Ke7 41. Kg2 f6 42. a6 Ra7 43. Kf3 Kd6 44. Ke4 Kc5 45. Rc1+ Kd6 46. Rf1 f5+ 47. gxf5 Rxa6 48. fxg6 Ra4+ 49. Kf5 hxg6+ 50. Kxg6 Rh4 51. Rf3 Ke7 52. Kg5 Rh8 53. h4 Ke8 1/2-1/2

[Event "35th World Open"]
[Site "King of Prussia USA"]
[Date "2007.06.03"]
[Round "6"]
[White "Milov, V."]
[Black "Yudasin, L."]
[Result "1/2-1/2"]
[WhiteElo "2676"]
[BlackElo "2550"]
[PlyCount "56"]
[EventDate "2007.06.30"]
[Source "www.chesslib.no"]
[SourceDate "2004.05.04"]

1. d4 Nf6 2. c4 e6 3. Nc3 Bb4 4. e3 c5 5. Bd3 Nc6 6. Nge2 cxd4 7. exd4 d5 8. cxd5 Qxd5 9. O-O Qh5 10. Ne4 Nxe4 11. Bxe4 Bd6 12. Bf4 Bxf4 13. Nxf4 Qxd1 14. Rfxd1 Bd7 15. d5 exd5 16. Bxd5 O-O-O 17. h3 g5 18. Nh5 Be6 19. Bxe6+ fxe6 20. Kf1 Rhf8 21. Rac1 Rf5 22. Ng7 Rf6 23. Rxd8+ Kxd8 24. Rc5 h6 25. Ke2 Ke7 26. Ke3 Kf7 27. Nh5 Rf5 28. Rc4 Re5+ 1/2-1/2

[Event "Tilburg"]
[Site "Tilburg"]
[Date "1985.??.??"]
[Round "?"]
[White "Huebner, Robert"]
[Black "Romanishin, Oleg M"]
[Result "1/2-1/2"]
[WhiteElo "2620"]
[BlackElo "2590"]
[PlyCount "53"]
[EventDate "1985.08.??"]
[Source "ChessBase"]

1. d4 Nf6 2. c4 e6 3. Nc3 Bb4 4. e3 c5 5. Bd3 d5 6. Nf3 Nc6 7. a3 Bxc3+ 8. bxc3 dxc4 9. Bxc4 Qa5 10. Qc2 cxd4 11. exd4 O-O 12. O-O e5 13. Be3 exd4 14. cxd4 Bg4 15. Nd2 Bf5 16. Bd3 Ne7 17. a4 Rac8 18. Qb1 Bxd3 19. Qxd3 Rc3 20. Qb5 Qc7 21. Rfb1 Ned5 22. Nf1 b6 23. Bg5 h6 24. Bxf6 Nxf6 25. a5 Rd8 26. axb6 axb6 27. Qxb6 1/2-1/2

[Event "Corr"]
[Site "?"]
[Date "1994.??.??"]
[Round "?"]
[White "Bern Ivar"]
[Black "Elwert Hans-Marcus"]
[Result "0-1"]
[WhiteElo "2585"]
[BlackElo "2620"]
[PlyCount "60"]
[EventDate "1994.??.??"]
[Source "www.chesslib.no"]
[SourceDate "2004.05.04"]

1. d4 Nf6 2. c4 e6 3. Nc3 Bb4 4. e3 c5 5. Bd3 Bxc3+ 6. bxc3 d6 7. Ne2 e5 8. e4 Nc6 9. dxc5 dxc5 10. Ng3 Qa5 11. Bd2 Be6 12. Nf1 O-O-O 13. Qe2 Ne8 14. Ne3 Nd6 15. a4 g6 16. O-O f5 17. f3 f4 18. Nd5 g5 19. Rfb1 g4 20. fxg4 Rdg8 21. h3 h5 22. Nf6 Rg7 23. Qf3 hxg4 24. Nxg4 Bxg4 25. hxg4 Qd8 26. Be1 Qg8 27. Rd1 Rxg4 28. Bf2 Rg6 29. a5 Nf7 30. a6 Ng5 0-1

[Event "Biel SKA"]
[Site "Biel"]
[Date "1996.??.??"]
[Round "4"]
[White "Milov, Vadim"]
[Black "Andersson, Ulf"]
[Result "0-1"]
[WhiteElo "2565"]
[BlackElo "2640"]
[PlyCount "162"]
[EventDate "1996.07.22"]
[Source "ChessBase"]

1. d4 e6 2. c4 Nf6 3. Nc3 Bb4 4. e3 c5 5. Bd3 Nc6 6. Nge2 d5 7. cxd5 Nxd5 8. a3 cxd4 9. exd4 Bd6 10. Bc2 Bd7 11. Ne4 Be7 12. O-O O-O 13. Qd3 g6 14. Bh6 Re8 15. Rad1 Rc8 16. Bb3 a6 17. Qg3 Nf6 18. N2c3 Qb6 19. Qf3 Nxe4 20. Nxe4 Nxd4 21. Rxd4 Qxd4 22. Rd1 Qxb2 23. Rxd7 Red8 24. Rxd8+ Rxd8 25. g3 Qb1+ 26. Kg2 Qd3 27. Nf6+ Kh8 28. Qxb7 Bxf6 29. Qxf7 Qe4+ 30. Kh3 Qf5+ 31. Kg2 Bd4 32. Bxe6 Qxf7 33. Bxf7 Rc8 34. f4 Rc3 35. a4 Ra3 36. Be8 Ra2+ 37. Kh1 Rc2 38. Bd7 Bg7 39. Bg5 Kg8 40. f5 Be5 41. fxg6 hxg6 42. Bh3 Kf7 43. Bf1 a5 44. Bd3 Rb2 45. Bc4+ Kg7 46. Bd8 Bc3 47. Bb5 Kf7 48. Bc4+ Ke8 49. Bg5 Kd7 50. Bf4 Ke7 51. Bb5 Kf6 52. Bc7 Rd2 53. Bf4 Ra2 54. Bc7 Kf5 55. Bd7+ Ke4 56. Bc6+ Ke3 57. Bf4+ Kf2 58. h4 Re2 59. Kh2 Be5 60. Bxe5 Rxe5 61. g4 Re3 62. g5 Re6 63. Bd7 Rd6 64. Be8 Kf3 65. h5 gxh5 66. Bxh5+ Kf4 67. Be8 Kxg5 68. Kg3 Rf6 69. Bb5 Rf5 70. Bc6 Rf6 71. Be8 Kh6 72. Kg4 Kg7 73. Bd7 Rf2 74. Kg3 Rf7 75. Be8 Rf6 76. Kg4 Kf8 77. Bb5 Ke7 78. Kg3 Kd6 79. Kg4 Kc5 80. Kg3 Kb4 81. Kg4 Rf2 0-1

[Event "OHRA"]
[Site "Amsterdam"]
[Date "1983.??.??"]
[Round "?"]
[White "Hort, Vlastimil"]
[Black "Timman, Jan H"]
[Result "1/2-1/2"]
[WhiteElo "2595"]
[BlackElo "2605"]
[PlyCount "132"]
[EventDate "1983.07.??"]
[Source "ChessBase"]

1. d4 Nf6 2. c4 e6 3. Nc3 Bb4 4. e3 c5 5. Nf3 Nc6 6. Bd2 cxd4 7. Nxd4 O-O 8. Be2 d5 9. cxd5 Nxd4 10. exd4 exd5 11. O-O Bf5 12. Qb3 Be7 13. Rfe1 Be6 14. Rac1 Qb6 15. Qxb6 axb6 16. a3 Rfc8 17. Bf4 Rc6 18. Bb5 Rcc8 19. Bd3 Rc6 20. Rc2 Bd6 21. Bxd6 Rxd6 22. Rec1 Bd7 23. f3 Kf8 24. Kf2 Rc8 25. g4 g6 26. Na2 Rxc2+ 27. Rxc2 Bc6 28. b4 Ne8 29. b5 Bd7 30. Nb4 Be6 31. a4 Rd8 32. Rc3 Ke7 33. Bc2 Kd6 34. Bb3 Nf6 35. Rc1 g5 36. Nd3 h5 37. h3 Rh8 38. Kg3 Nd7 39. f4 gxf4+ 40. Kxf4 hxg4 41. hxg4 Rh3 42. Bc2 Nf6 43. Rg1 Rh2 44. Bb1 Ne4 45. Ne5 Nc3 46. Nf3 Re2 47. Bd3 Re4+ 48. Kg5 f6+ 49. Kg6 Rxg4+ 50. Rxg4 Bxg4 51. Nh4 Ne4 52. Bc2 Ke7 53. Ng2 Nd2 54. Ne3 Be6 55. Bd1 Ne4 56. Bc2 Nc3 57. Bd3 Nxa4 58. Nd1 Bf7+ 59. Kh6 Be8 60. Be2 Ke6 61. Bf1 Nc5 62. dxc5 bxc5 63. Ne3 Ke5 64. b6 c4 65. Bxc4 dxc4 66. Nxc4+ Kd5 1/2-1/2

[Event "Leningrad"]
[Site "Leningrad"]
[Date "1987.??.??"]
[Round "?"]
[White "Jussupow, Artur"]
[Black "Salov, Valery"]
[Result "0-1"]
[WhiteElo "2645"]
[BlackElo "2550"]
[PlyCount "81"]
[EventDate "1987.05.??"]
[Source "ChessBase"]

1. d4 Nf6 2. c4 e6 3. Nc3 Bb4 4. e3 c5 5. Bd3 Nc6 6. Nge2 cxd4 7. exd4 d5 8. cxd5 Qxd5 9. O-O Qh5 10. Ne4 Be7 11. Be3 O-O 12. h3 Rd8 13. Rc1 e5 14. Nxf6+ Bxf6 15. d5 Rxd5 16. Bxh7+ Kxh7 17. Qxd5 Qxe2 18. Qxf7 Nd8 19. Qe8 Be6 20. Rc7 Bd5 21. Qf8 Ne6 22. Qxa8 Nxc7 23. Qxa7 Qxb2 24. Qc5 Bc6 25. Qc4 Nd5 26. Qe4+ Kh8 27. Qg4 Nxe3 28. fxe3 Qxa2 29. e4 Qf7 30. Qf5 Qd7 31. Qh5+ Kg8 32. Rd1 Qf7 33. Qg4 Kh7 34. Re1 Qg6 35. Qf3 Bh4 36. Re3 Bg5 37. Re2 Bf4 38. h4 Kh6 39. g4 Qd6 40. g5+ Kg6 41. Kg2 0-1

[Event "URS-ch41"]
[Site "Moscow"]
[Date "1973.10.06"]
[Round "4"]
[White "Taimanov, Mark E"]
[Black "Smyslov, Vassily"]
[Result "1/2-1/2"]
[WhiteElo "2585"]
[BlackElo "2610"]
[PlyCount "89"]
[EventDate "1973.10.02"]
[Source "ChessBase"]

1. d4 Nf6 2. c4 e6 3. Nc3 Bb4 4. e3 c5 5. Bd3 b6 6. Nge2 Nc6 7. O-O cxd4 8. exd4 O-O 9. a3 Bxc3 10. Nxc3 d5 11. cxd5 Nxd5 12. Be4 Ba6 13. Re1 Qd6 14. Nxd5 exd5 15. Bc2 Rac8 16. Be3 Na5 17. Bd2 Nc6 18. Bc3 Rfe8 19. Qg4 Rcd8 20. h3 Bc4 21. Qf5 g6 22. Qf3 a5 23. Re3 b5 24. b3 b4 25. axb4 axb4 26. Rxe8+ Rxe8 27. bxc4 bxc3 28. c5 Qb8 29. Qxc3 Qf4 30. Re1 Rxe1+ 31. Qxe1 Nxd4 32. Qe3 Qxe3 33. fxe3 Ne6 34. Bb3 Nxc5 35. Bxd5 Nd3 36. Kf1 Kg7 37. Ke2 Ne5 38. h4 Kf6 39. Bb7 Nc4 40. g3 Nd6 41. Bc6 Ke5 42. Kf3 h6 43. Ba4 f5 44. Bc6 Ne4 45. Be8 1/2-1/2

[Event "21st Open, Bratto ITA"]
[Site "?"]
[Date "2001.??.??"]
[Round "5"]
[White "Milov, V."]
[Black "Epishin, V."]
[Result "1/2-1/2"]
[WhiteElo "2610"]
[BlackElo "2580"]
[PlyCount "51"]
[EventDate "2001.??.??"]
[Source "www.chesslib.no"]
[SourceDate "2004.05.04"]

1. d4 Nf6 2. c4 e6 3. Nc3 Bb4 4. e3 c5 5. Bd3 cxd4 6. exd4 d5 7. cxd5 Nxd5 8. Nge2 Nd7 9. O-O N7f6 10. Bc2 Bd6 11. Ng3 O-O 12. Bg5 h6 13. Be3 Bxg3 14. hxg3 b6 15. Nxd5 Qxd5 16. Bf4 Ba6 17. Re1 Rfd8 18. Be5 Rac8 19. Bxf6 gxf6 20. Re4 f5 21. Rf4 Bb7 22. f3 Qd6 23. Bb3 Bd5 24. Bxd5 Qxd5 25. Qd2 e5 26. Rh4 1/2-1/2

[Event "Bartis Memorial A 9198"]
[Site "Bartis Memorial A 9198"]
[Date "1995.??.??"]
[Round "?"]
[White "Brilla Banfalvi, Sandor"]
[Black "Elwert, Hans-Marcus"]
[Result "0-1"]
[WhiteElo "2505"]
[BlackElo "2680"]
[PlyCount "94"]
[EventDate "1995.??.??"]
[Source "www.chesslib.no"]
[SourceDate "2004.05.04"]

1. d4 Nf6 2. c4 e6 3. Nc3 Bb4 4. e3 c5 5. Bd3 Bxc3+ 6. bxc3 d6 7. Ne2 e5 8. e4 Nc6 9. O-O h6 10. f4 cxd4 11. cxd4 exd4 12. Bb2 Bg4 13. h3 Bxe2 14. Qxe2 O-O 15. Ba3 Re8 16. Rae1 Qc7 17. Qf3 Re6 18. Re2 Rae8 19. c5 Qa5 20. cxd6 Qxa3 21. e5 g6 22. f5 Nxe5 23. Qg3 Nh5 24. fxe6 Nxg3 25. exf7+ Nxf7 26. Rxe8+ Kg7 27. Rxf7+ Kxf7 28. d7 Qc1+ 29. Kf2 Qd2+ 30. Kg1 Qc1+ 31. Kf2 Nh1+ 32. Ke2 Qb2+ 33. Ke1 Qa1+ 34. Kd2 Qxa2+ 35. Ke1 Qa1+ 36. Kd2 Qc3+ 37. Ke2 Qb2+ 38. Ke1 Qc1+ 39. Ke2 Qc6 40. Bxg6+ Qxg6 41. d8=Q Qc2+ 42. Ke1 Qb1+ 43. Kd2 Qb2+ 44. Ke1 Qb4+ 45. Kf1 Qb1+ 46. Ke2 Qb5+ 47. Kf3 Qxe8 0-1

[Event "Tilburg"]
[Site "Tilburg"]
[Date "1994.??.??"]
[Round "1"]
[White "Rogers, Ian"]
[Black "Yudasin, Leonid"]
[Result "1/2-1/2"]
[WhiteElo "2560"]
[BlackElo "2625"]
[PlyCount "69"]
[EventDate "1994.09.??"]
[Source "ChessBase"]

1. d4 Nf6 2. c4 e6 3. Nc3 Bb4 4. e3 c5 5. Bd3 Nc6 6. Nge2 cxd4 7. exd4 d5 8. cxd5 Qxd5 9. O-O Qh5 10. Ne4 Nxe4 11. Bxe4 Bd6 12. Bf4 Bxf4 13. Nxf4 Qxd1 14. Rfxd1 Bd7 15. Nd3 Rc8 16. Nc5 b6 17. Nxd7 Kxd7 18. d5 Ne7 19. dxe6+ Kxe6 20. Rd3 Rhd8 21. Re1 Rxd3 22. Bxh7+ Re3 23. Rxe3+ Kf6 24. Rf3+ Ke6 25. Bd3 Rc1+ 26. Bf1 Nd5 27. g3 Rb1 28. Rb3 a6 29. Kg2 b5 30. Be2 Nb6 31. Bd3 Rc1 32. h4 Na4 33. g4 Ke5 34. Rb4 Nc5 35. Be2 1/2-1/2

[Event "Ubeda op 6th"]
[Site "Ubeda"]
[Date "2001.01.23"]
[Round "3"]
[White "Jobava, Baadur"]
[Black "Akopian, Vladimir"]
[Result "1/2-1/2"]
[WhiteElo "2518"]
[BlackElo "2656"]
[PlyCount "73"]
[EventDate "2001.01.21"]
[Source "ChessBase"]
[SourceDate "2001.03.08"]

1. d4 Nf6 2. c4 e6 3. Nc3 Bb4 4. e3 c5 5. Bd3 Nc6 6. Nge2 cxd4 7. exd4 d5 8. cxd5 Qxd5 9. O-O Qh5 10. Bf4 O-O 11. Qb3 Bxc3 12. bxc3 b6 13. Rfe1 Bb7 14. Bg3 Rac8 15. Rac1 Rfe8 16. Nf4 Qh6 17. h3 Nh5 18. Nxh5 Qxh5 19. Qb1 h6 20. Bf4 Qh4 21. Bd2 Na5 22. Re5 Nc4 23. Bxc4 Rxc4 24. Rce1 Rd8 25. R1e3 Rd5 26. Rxd5 Bxd5 27. Qb5 Qd8 28. Rg3 Kh8 29. Qa6 Qe7 30. Bc1 Kh7 31. Ba3 Qe8 32. Bb4 Qa8 33. Qa3 Be4 34. Qa6 Rc8 35. c4 Qb7 36. Qb5 Qc6 37. Qxc6 1/2-1/2

[Event "Porzellan Cup"]
[Site "Dresden"]
[Date "2001.??.??"]
[Round "1"]
[White "Ovsejevitsch, Sergei"]
[Black "Graf, Alexander"]
[Result "1/2-1/2"]
[WhiteElo "2516"]
[BlackElo "2649"]
[PlyCount "101"]
[EventDate "2001.01.??"]
[Source "ChessBase"]
[SourceDate "2001.03.08"]

1. d4 Nf6 2. c4 e6 3. Nc3 Bb4 4. e3 c5 5. Bd3 Nc6 6. Nf3 d6 7. O-O Bxc3 8. bxc3 O-O 9. d5 Ne7 10. e4 e5 11. Nh4 Ng6 12. Nf5 Re8 13. Re1 Nf8 14. Qf3 Bxf5 15. Qxf5 Qd7 16. Qxd7 N8xd7 17. Rb1 Rab8 18. Bd2 Kf8 19. Rb3 Ke7 20. Reb1 b6 21. g3 Kd8 22. Kg2 Kc7 23. Re1 Re7 24. Rbb1 Rbe8 25. Re2 h6 26. f3 g5 27. Rh1 Rg8 28. h4 Rg6 29. hxg5 hxg5 30. Ree1 Re8 31. Rh2 Rgg8 32. Rh6 Kd8 33. Reh1 Ke7 34. Kf2 Rb8 35. Ke2 Rbd8 36. Bc2 Rb8 37. Ba4 g4 38. R1h4 Rg7 39. Rh8 Rxh8 40. Rxh8 Nf8 41. Bc2 gxf3+ 42. Kxf3 Rh7 43. Rxh7 N8xh7 44. g4 Ne8 45. Kg3 Nf8 46. g5 Ng6 47. Bd1 Ng7 48. Bg4 Kf8 49. Kf3 Ke7 50. Ke2 Ne8 51. Kf3 1/2-1/2

[Event "Venacu FRA, 1. Open"]
[Site "?"]
[Date "2005.10.29"]
[Round "7"]
[White "Milov Vadim"]
[Black "Le Roux Jean-Pierre"]
[Result "1-0"]
[WhiteElo "2652"]
[BlackElo "2497"]
[PlyCount "76"]
[EventDate "2005.??.??"]
[Source "www.chesslib.no"]
[SourceDate "2004.05.04"]

1. d4 Nf6 2. c4 e6 3. Nc3 Bb4 4. e3 c5 5. Bd3 Nc6 6. Nge2 d5 7. cxd5 exd5 8. a3 cxd4 9. axb4 dxc3 10. b5 Ne5 11. Nxc3 Nxd3+ 12. Qxd3 O-O 13. O-O Qd6 14. h3 Be6 15. Rd1 Rfd8 16. Qd4 a6 17. e4 Qf8 18. e5 Ne4 19. bxa6 bxa6 20. Be3 Nxc3 21. Qxc3 Rdc8 22. Qd2 h6 23. b4 Rc4 24. Bc5 Qb8 25. Bd6 Qc8 26. Ra3 Rc2 27. Qd4 Rc4 28. Qe3 Re4 29. Qg3 Qc2 30. Rda1 d4 31. b5 a5 32. b6 Bd5 33. Qd3 Qb2 34. Rb1 Qe2 35. Qxe2 Rxe2 36. b7 Bxb7 37. Rxb7 Rc8 38. Rf3 Ra8 1-0

[Event "VII Gibtelecom Masters"]
[Site "Caleta ING"]
[Date "2009.01.29"]
[Round "3"]
[White "Milov, V."]
[Black "Nemeth, Mi1"]
[Result "1-0"]
[WhiteElo "2669"]
[BlackElo "2472"]
[PlyCount "113"]
[EventDate "2009.01.27"]
[Source "www.chesslib.no"]
[SourceDate "2004.05.04"]

1. d4 Nf6 2. c4 e6 3. Nc3 Bb4 4. e3 c5 5. Bd3 d5 6. cxd5 Nxd5 7. Nge2 cxd4 8. exd4 O-O 9. a3 Nxc3 10. bxc3 Bd6 11. O-O Qc7 12. f4 Nd7 13. c4 b6 14. Bb2 Bb7 15. Qd2 Rfe8 16. Ng3 Nf6 17. Kh1 Bf8 18. Rae1 Qd8 19. f5 exf5 20. Rxe8 Qxe8 21. Nxf5 Be4 22. d5 Bxd3 23. Qxd3 Ne4 24. Rf4 Nd6 25. h3 Nxf5 26. Qxf5 Rd8 27. Qg5 Rd6 28. Qf5 Rd8 29. Re4 Qd7 30. Qe5 Qd6 31. Qd4 Qg3 32. Qg1 Qd3 33. Qe1 b5 34. Rg4 bxc4 35. Bf6 Rxd5 36. Bxg7 h5 37. Rg3 Bxg7 38. Qe8+ Kh7 39. Rxd3 Rxd3 40. Qxf7 Rd4 41. Qxh5+ Kg8 42. Kh2 c3 43. Qc5 Rd2 44. Qe3 Rb2 45. h4 c2 46. h5 Be5+ 47. Kh3 Kf8 48. g3 Rb3 49. Qc5+ Kf7 50. Qxc2 Rxg3+ 51. Kh4 Rxa3 52. Qc4+ Ke7 53. Qb4+ Bd6 54. Qe4+ Kf6 55. h6 Rb3 56. h7 Rb8 57. Qd5 1-0

[Event "Hoogovens"]
[Site "Wijk aan Zee"]
[Date "1989.??.??"]
[Round "?"]
[White "Benjamin, Joel"]
[Black "Georgiev, Kiril"]
[Result "1-0"]
[WhiteElo "2545"]
[BlackElo "2590"]
[PlyCount "81"]
[EventDate "1989.01.??"]
[Source "ChessBase"]

1. d4 e6 2. c4 Nf6 3. Nc3 Bb4 4. e3 c5 5. Bd3 Nc6 6. Nge2 cxd4 7. exd4 d5 8. cxd5 Nxd5 9. a3 Bd6 10. Be4 Nf6 11. Bg5 O-O 12. Bc2 h6 13. Bxf6 Qxf6 14. Ne4 Qe7 15. Qd3 g6 16. Qe3 Kg7 17. O-O Bd7 18. Rad1 Rad8 19. N2c3 Bc8 20. Ba4 Bc7 21. b4 e5 22. d5 Nd4 23. Nb5 Rxd5 24. Nec3 Rdd8 25. Rxd4 Bb6 26. Rxd8 Bxe3 27. Rxf8 Bxf2+ 28. Rxf2 Kxf8 29. Nd5 Qg5 30. Bb3 Bh3 31. Nbc3 f5 32. Re2 e4 33. Ne3 h5 34. Ncd5 h4 35. Rc2 Kg7 36. Kf1 Bg4 37. Rc7+ Kh6 38. Rf7 Bh5 39. Kf2 a6 40. g3 b5 41. Nf6 1-0